Open Data Biblioteca Nacional de Portugal


República Portuguesa: Ministério da Cultura
Biblioteca Nacional de Portugal

Catálogo da BNP: acesso por Identificadores Unívocos
Registos Bibliográficos associados ao registo de autoridade

Etiqueta de registo: 00820cam 2200241 450
001 840687
003 http://id.bnportugal.gov.pt/bib/catbnp/840687
005 19990126000000.0
095 ## $aPTBN00494584
100 ## $a19940513d1992 m d0pory0103 ba
101 0# $apor
102 ## $aPT
105 ## $aa z 000yy
106 ## $ar
200 1# $aObra gravada de Alice Jorge$e1953-1988$fIII Bienal de Gravura da Amadora'92$g[org.] Câmara Municipal da Amadora, Associação de Gravura da Amadora$ginvestigação por Rosita Gouveia
210 #9 $aAmadora$cC.M.,$d1992
215 ## $a[35] p.$cil.$d23 cm
675 ## $a76$vBN$zpor$3288733
702 #1 $aGouveia,$bRosita,$cpseud.$4070$3128584
710 12 $aBienal de Gravura,$d3,$eAmadora,$f1992$31101601
712 01 $aAmadora.$bCâmara Municipal$4070$3724
712 02 $aAssociação de Gravura da Amadora$4070$388960
801 #0 $aPT$bBN$gRPC
966 ## $lBN$mFGMON$sB.A. 13691 V.$x3

Etiqueta de registo: 00854cam 2200253 450
001 382221
003 http://id.bnportugal.gov.pt/bib/catbnp/382221
005 19981230000000.0
095 ## $aPTBN00408407
100 ## $a19930319d1992 m d0pory0103 ba
101 0# $apor
102 ## $aPT
105 ## $aa b 001yy
106 ## $ar
200 1# $aIII Bienal de Gravura'92$forg. Câmara Municipal da Amadora, Associação de Gravura da Amadora
210 #9 $aAmadora$cC.M.,$d1992
215 ## $a84 p.$cil.$d30 cm
606 ## $2SIPOR$392468
675 ## $a061.4$vBN$zpor$3486307
675 ## $a76 A/Z$vBN$zpor$3342198
710 12 $aBienal de Gravura,$d3,$eAmadora,$f1992$31101601
712 01 $aAmadora.$bCâmara Municipal$4070$3724
712 02 $aAssociação de Gravura da Amadora$4070$388960
801 #0 $aPT$bBN$gRPC
966 ## $lBN$mFGMON$sB.A. 12301 V.$x3

Etiqueta de registo: 00000nkm 2200025 450
001 2271996
003 http://id.bnportugal.gov.pt/bib/catbnp/2271996
100 ## $a20260225d1992 m y0pory01030103ba
101 0# $apor
102 ## $aPT
200 1# $aIII Bienal de Gravura 92, Fábrica da Cultura [ex cometna], Amadora, 5 de setembro - 5 de outubro - 1992$bVisual gráfico]$fCâmara Municipal da Amadora$gdesign: Palhoça - 92
210 #9 $aAmadora$cCâmara Municipal da Amadora,$d1992$eAmadora:$gComposição e Impressão: Repromont, Lda.)
215 ## $a1 cartaz$ccolor.$d69x48 cm
317 ## $aColeção Madeira Luís
702 #1 $aPalhoça$4410$31987503
710 12 $aBienal de Gravura,$d3,$eAmadora,$f1992$31101601
712 01 $aAmadora.$bCâmara Municipal$3724
801 #0 $aPT$bBN$gRPC
966 ## $lBN$mICONOG$sCT. 22452 A.$x3
971 ## $cCaticonografia9$d20260225
995 ## $aPRR2026 $d20260225$iCaticonografia9

OpendataBNP@bnportugal.pt | Mais informação sobre acesso aos dados BNP